| 000 | 00879nam a2200265 i 4500 | ||
|---|---|---|---|
| 003 | DO-SdBNP | ||
| 005 | 20250617094828.0 | ||
| 007 | ta | ||
| 008 | 250617b2002 dr ||||| |||| 00| 0 spa d | ||
| 040 |
_aDO-SdBNP _bspa _cBNPHU _erda |
||
| 082 | 4 |
_a344. 729304 _bR426L, 2002 _222 |
|
| 110 | 1 |
_aRepública Dominicana. _956549 |
|
| 240 | 1 | 3 | _a[ Leyes, etc.] |
| 245 | 1 | 0 |
_aLey No. 42-01 Ley General de Salud : _bpromulgada el 8 de marzo del 2001/ |
| 264 | 1 |
_aSanto Domingo : _b[editor no identificado], _c2002. |
|
| 300 |
_a93 páginas ; _c21 cm. |
||
| 336 |
_atexto _btxt _2rdacontent |
||
| 337 |
_asin mediación _bn _2rdamedia |
||
| 338 |
_avolumen _bnc _2rdacarrier |
||
| 590 | _aInventariado, 2025/BT | ||
| 650 | 4 |
_aSalud pública _xLegislación _zRepública Dominicana _916564 |
|
| 651 | 4 |
_aRepública Dominicana _xLey No. 42-01 _932031 |
|
| 910 | _aYLockward | ||
| 942 |
_2ddc _cLBS1 |
||
| 999 |
_c59307 _d59307 |
||